La Catedral
Guardat en:
| Autor principal: | |
|---|---|
| Format: | Llibre |
| Idioma: | Undetermined |
| Publicat: |
Barcelona, España
Plaza y Janes
1978
|
| Matèries: | |
| Etiquetes: |
Afegir etiqueta
Sense etiquetes, Sigues el primer a etiquetar aquest registre!
|
MARC
| LEADER | 00000nam a2200000Ia 4500 | ||
|---|---|---|---|
| 008 | 170316s9999 xx 000 0 und d | ||
| 040 | |a cru BVZT | ||
| 090 | |a 862 B-17c | ||
| 100 | |a Blasco Ibáñez, Vicente | ||
| 245 | |a La Catedral | ||
| 260 | |a Barcelona, España | ||
| 260 | |b Plaza y Janes | ||
| 260 | |c 1978 | ||
| 300 | |a 298 páginas | ||
| 650 | |a LITERATURA ESPAÑOLA | ||
| 999 | |c 9519 |d 9519 | ||
| 942 | |c 15 D |h 862 B-17c |2 z | ||
